000 00540nam a2200169 4500
999 _c17462
_d17462
008 221021b ||||| |||| 00| 0 eng d
020 _a9780486408835
082 _22016
_aDFic
_bH752
100 _aHomer.
_946466
245 _aThe Iliad /
_cHomer.
250 _aDover thrift editions.
260 _aMineola,
_bDover Publications, Inc.,
_c©2016.
300 _a303 pages ;
_c20 cm.
650 _aEpic poetry, Greek
_xTranslations into English.
_946467
650 _aAchilles (Mythological character)
_xPoetry.
_946468
942 _2ddc
_cDFIC